000 00370nam a2200157Ia 4500
008 230917s9999||||xx |||||||||||||| ||und||
040 _e118232
_aMAIN
041 _aEnglish
082 _a589.2 A27I
100 _aAlexopoulos, C J
245 0 _aIntroductory mycology
250 _a4th ed.
260 _aNew York
_bJhon Wiley
_c1996
300 _a869 p.
942 _cBK
999 _c136645
_d136645